| 000 | 00576nam a2200205 i 4500 | ||
|---|---|---|---|
| 001 | 80601 | ||
| 003 | ES-MaACL | ||
| 005 | 20260616130211.0 | ||
| 007 | t| | ||
| 008 | 041028q19001999sp ||||1| cat d | ||
| 100 | 0 |
_aHomero _964112 |
|
| 245 | 1 | 0 |
_aOdissea / _cHomer ; traducció de Carles Riba. |
| 260 |
_a[Barcelona : _bEditorial Catalana, _c19--?] |
||
| 300 |
_a3 v. ; _c19 cm. |
||
| 490 | 1 | _aBiblioteca literaria | |
| 700 | 1 |
_aRiba, Carles, _d1893-1959 _996698 |
|
| 830 | 0 |
_aBiblioteca literaria _9183370 |
|
| 852 |
_aES-MaACL _jG-7693-56 |
||
| 999 |
_c80601 _d80601 |
||